<?xml version="1.0" encoding="UTF-8"?>
<record
    xmlns:xsi="http://www.w3.org/2001/XMLSchema-instance"
    xsi:schemaLocation="http://www.loc.gov/MARC21/slim http://www.loc.gov/standards/marcxml/schema/MARC21slim.xsd"
    xmlns="http://www.loc.gov/MARC21/slim">

  <leader>01995nam0a2200385   4500</leader>
  <controlfield tag="001">RU\NLR\BIBL_A\011664513</controlfield>
  <controlfield tag="005">20180528095708.0</controlfield>
  <datafield tag="010" ind1=" " ind2=" ">
    <subfield code="a">978-5-906512-97-0</subfield>
    <subfield code="9">40</subfield>
  </datafield>
  <datafield tag="021" ind1=" " ind2=" ">
    <subfield code="a">RU</subfield>
    <subfield code="b">&#x41A;&#x41D;-&#x41F;-18-013320</subfield>
    <subfield code="9">&#x41A;&#x41D;-&#x41F;-18-0958</subfield>
  </datafield>
  <datafield tag="035" ind1=" " ind2=" ">
    <subfield code="a">(NLR Aleph) 011664513</subfield>
  </datafield>
  <datafield tag="035" ind1=" " ind2=" ">
    <subfield code="a">(RuMoRGB)009554890</subfield>
  </datafield>
  <datafield tag="090" ind1=" " ind2=" ">
    <subfield code="a">11200402</subfield>
    <subfield code="c">11200402</subfield>
  </datafield>
  <datafield tag="100" ind1=" " ind2=" ">
    <subfield code="a">20180326d2017    k  y0rusy50      ca</subfield>
  </datafield>
  <datafield tag="101" ind1="0" ind2=" ">
    <subfield code="a">rus</subfield>
    <subfield code="d">eng</subfield>
  </datafield>
  <datafield tag="102" ind1=" " ind2=" ">
    <subfield code="a">RU</subfield>
  </datafield>
  <datafield tag="105" ind1=" " ind2=" ">
    <subfield code="a">a|||z|||000yy</subfield>
  </datafield>
  <datafield tag="200" ind1="1" ind2=" ">
    <subfield code="a">&#x414;&#x432;&#x443;&#x445;&#x43C;&#x435;&#x440;&#x43D;&#x430;&#x44F; &#x442;&#x435;&#x441;&#x442;&#x43E;&#x432;&#x430;&#x44F; &#x43C;&#x43E;&#x434;&#x435;&#x43B;&#x44C; &#x437;&#x430;&#x449;&#x438;&#x442;&#x44B; &#x422;&#x423;&#x41A; &#x434;&#x43B;&#x44F; &#x43E;&#x442;&#x440;&#x430;&#x431;&#x43E;&#x442;&#x430;&#x432;&#x448;&#x435;&#x433;&#x43E; &#x44F;&#x434;&#x435;&#x440;&#x43D;&#x43E;&#x433;&#x43E; &#x442;&#x43E;&#x43F;&#x43B;&#x438;&#x432;&#x430;</subfield>
    <subfield code="f">&#x418;.&#x420;. &#x421;&#x443;&#x441;&#x43B;&#x43E;&#x432;, &#x415;.&#x412;. &#x414;&#x435;&#x432;&#x43A;&#x438;&#x43D;&#x430;, &#x418;.&#x410;. &#x41B;&#x44F;&#x43C;&#x446;&#x435;&#x432;, &#x412;.&#x410;. &#x427;&#x435;&#x440;&#x43D;&#x43E;&#x432;</subfield>
  </datafield>
  <datafield tag="210" ind1=" " ind2=" ">
    <subfield code="a">&#x41E;&#x431;&#x43D;&#x438;&#x43D;&#x441;&#x43A;</subfield>
    <subfield code="c">&#x413;&#x41D;&#x426; &#x420;&#x424;-&#x424;&#x42D;&#x418;</subfield>
    <subfield code="d">2017</subfield>
  </datafield>
  <datafield tag="215" ind1=" " ind2=" ">
    <subfield code="a">17 &#x441;.</subfield>
    <subfield code="c">&#x438;&#x43B;., &#x442;&#x430;&#x431;&#x43B;.</subfield>
    <subfield code="d">21</subfield>
  </datafield>
  <datafield tag="225" ind1="1" ind2=" ">
    <subfield code="a">&#x41F;&#x440;&#x435;&#x43F;&#x440;&#x438;&#x43D;&#x442;</subfield>
    <subfield code="f">&#x413;&#x43E;&#x441;. &#x43A;&#x43E;&#x440;&#x43F;&#x43E;&#x440;&#x430;&#x446;&#x438;&#x44F; &#x43F;&#x43E; &#x430;&#x442;&#x43E;&#x43C;. &#x44D;&#x43D;&#x435;&#x440;&#x433;&#x435;&#x442;&#x438;&#x43A;&#x438; "&#x420;&#x43E;&#x441;&#x430;&#x442;&#x43E;&#x43C;", &#x410;&#x41E; "&#x413;&#x43E;&#x441;. &#x43D;&#x430;&#x443;&#x447;. &#x446;&#x435;&#x43D;&#x442;&#x440; &#x420;&#x424; - &#x424;&#x438;&#x437;.-&#x44D;&#x43D;&#x435;&#x440;&#x433;. &#x438;&#x43D;-&#x442; &#x438;&#x43C;. &#x410;.&#x418;. &#x41B;&#x435;&#x439;&#x43F;&#x443;&#x43D;&#x441;&#x43A;&#x43E;&#x433;&#x43E;"</subfield>
    <subfield code="v">&#x424;&#x42D;&#x418;-3278</subfield>
  </datafield>
  <datafield tag="300" ind1=" " ind2=" ">
    <subfield code="a">&#x420;&#x435;&#x437;. &#x43D;&#x430; &#x430;&#x43D;&#x433;&#x43B;. &#x44F;&#x437;.</subfield>
  </datafield>
  <datafield tag="313" ind1=" " ind2=" ">
    <subfield code="a">&#x422;&#x423;&#x41A; - &#x442;&#x440;&#x430;&#x43D;&#x441;&#x43F;&#x43E;&#x440;&#x442;&#x43D;&#x44B;&#x435; &#x443;&#x43F;&#x430;&#x43A;&#x43E;&#x432;&#x43E;&#x447;&#x43D;&#x44B;&#x435; &#x43A;&#x43E;&#x43D;&#x442;&#x435;&#x439;&#x43D;&#x435;&#x440;&#x44B;</subfield>
  </datafield>
  <datafield tag="320" ind1=" " ind2=" ">
    <subfield code="a">&#x411;&#x438;&#x431;&#x43B;&#x438;&#x43E;&#x433;&#x440;.: &#x441;. 10-11 (12 &#x43D;&#x430;&#x437;&#x432;.)</subfield>
  </datafield>
  <datafield tag="606" ind1="1" ind2=" ">
    <subfield code="a">&#x42F;&#x434;&#x435;&#x440;&#x43D;&#x43E;&#x435; &#x442;&#x43E;&#x43F;&#x43B;&#x438;&#x432;&#x43E; &#x43E;&#x442;&#x440;&#x430;&#x431;&#x43E;&#x442;&#x430;&#x43D;&#x43D;&#x43E;&#x435;</subfield>
    <subfield code="x">&#x41A;&#x43E;&#x43D;&#x442;&#x435;&#x439;&#x43D;&#x435;&#x440;&#x43D;&#x44B;&#x435; &#x43F;&#x435;&#x440;&#x435;&#x432;&#x43E;&#x437;&#x43A;&#x438;</subfield>
    <subfield code="x">&#x422;&#x435;&#x445;&#x43D;&#x438;&#x43A;&#x430; &#x431;&#x435;&#x437;&#x43E;&#x43F;&#x430;&#x441;&#x43D;&#x43E;&#x441;&#x442;&#x438;</subfield>
    <subfield code="2">nlr_sh2</subfield>
    <subfield code="3">RU\NLR\AUTH\6601635448</subfield>
  </datafield>
  <datafield tag="606" ind1="1" ind2=" ">
    <subfield code="a">&#x41A;&#x43E;&#x43D;&#x442;&#x435;&#x439;&#x43D;&#x435;&#x440;&#x44B; &#x434;&#x43B;&#x44F; &#x43E;&#x442;&#x440;&#x430;&#x431;&#x43E;&#x442;&#x430;&#x43D;&#x43D;&#x43E;&#x433;&#x43E; &#x44F;&#x434;&#x435;&#x440;&#x43D;&#x43E;&#x433;&#x43E; &#x442;&#x43E;&#x43F;&#x43B;&#x438;&#x432;&#x430;</subfield>
    <subfield code="x">&#x41F;&#x440;&#x43E;&#x435;&#x43A;&#x442;&#x438;&#x440;&#x43E;&#x432;&#x430;&#x43D;&#x438;&#x435;</subfield>
    <subfield code="2">nlr_sh2</subfield>
    <subfield code="3">RU\NLR\AUTH\6601635494</subfield>
  </datafield>
  <datafield tag="686" ind1="1" ind2=" ">
    <subfield code="a">&#x41E;184.886-5-082&#x43D;6</subfield>
  </datafield>
  <datafield tag="686" ind1="1" ind2=" ">
    <subfield code="a">&#x41B;362.09-5-02</subfield>
  </datafield>
  <datafield tag="701" ind1=" " ind2="1">
    <subfield code="a">&#x421;&#x443;&#x441;&#x43B;&#x43E;&#x432;</subfield>
    <subfield code="b">&#x418;. &#x420;.</subfield>
  </datafield>
  <datafield tag="701" ind1=" " ind2="1">
    <subfield code="a">&#x414;&#x435;&#x432;&#x43A;&#x438;&#x43D;&#x430;</subfield>
    <subfield code="b">&#x415;. &#x412;.</subfield>
  </datafield>
  <datafield tag="701" ind1=" " ind2="1">
    <subfield code="a">&#x41B;&#x44F;&#x43C;&#x446;&#x435;&#x432;</subfield>
    <subfield code="b">&#x418;. &#x410;.</subfield>
  </datafield>
  <datafield tag="701" ind1=" " ind2="1">
    <subfield code="a">&#x427;&#x435;&#x440;&#x43D;&#x43E;&#x432;</subfield>
    <subfield code="b">&#x412;. &#x410;.</subfield>
    <subfield code="c">&#x43A;&#x430;&#x43D;&#x434;. &#x444;&#x438;&#x437;.-&#x43C;&#x430;&#x442;. &#x43D;&#x430;&#x443;&#x43A;</subfield>
    <subfield code="g">&#x412;&#x43B;&#x430;&#x434;&#x438;&#x43C;&#x438;&#x440; &#x410;&#x43B;&#x435;&#x43A;&#x441;&#x435;&#x435;&#x432;&#x438;&#x447;</subfield>
    <subfield code="3">RU\NLR\AUTH\770189072</subfield>
  </datafield>
  <datafield tag="942" ind1=" " ind2=" ">
    <subfield code="c">BOOK</subfield>
  </datafield>
  <datafield tag="980" ind1=" " ind2=" ">
    <subfield code="a">NBR</subfield>
  </datafield>
  <datafield tag="980" ind1=" " ind2=" ">
    <subfield code="a">NB</subfield>
  </datafield>
</record>
